Across the roof of the world (Record no. 553338)
[ view plain ]
| 000 -LEADER | |
|---|---|
| fixed length control field | 00729cam a2200157K 4500 |
| 082 ## - DEWEY DECIMAL CLASSIFICATION NUMBER | |
| Classification number | 915 |
| Author Mark | ETH |
| 100 1# - MAIN ENTRY--PERSONAL NAME | |
| Personal name | Etherton, P. T. |
| 9 (RLIN) | 50595 |
| 245 10 - TITLE STATEMENT | |
| Title | Across the roof of the world |
| Remainder of title | a record of sport and travel through Kashmir, Gilgit, Hunza, the Pamirs, Chinese Turkistan, Mongolia and Siberia. |
| Statement of responsibility, etc. | By Lieut. P.T. Etherton ... With map and illustrations. |
| 260 ## - PUBLICATION, DISTRIBUTION, ETC. | |
| Place of publication, distribution, etc. | London, |
| Name of publisher, distributor, etc. | Constable and Co., |
| Date of publication, distribution, etc. | 1911. |
| 300 ## - PHYSICAL DESCRIPTION | |
| Extent | 1 online resource (3 p. l., [ix]-xvi, 437), : |
| Other physical details | [1] p. incl. illus., pl. front. (port.) col. fold. map. |
| 526 ## - STUDY PROGRAM INFORMATION NOTE | |
| Program name | 0 |
| Interest level | 0 |
| Reading level | 0 |
| Title point value | 915_000000000000000_ETH |
| 650 #0 - SUBJECT ADDED ENTRY--TOPICAL TERM | |
| Topical term or geographic name entry element | Hunting |
| Geographic subdivision | Asia, Central. |
| 9 (RLIN) | 50596 |
| 650 #0 - SUBJECT ADDED ENTRY--TOPICAL TERM | |
| Topical term or geographic name entry element | MCE |
| 9 (RLIN) | 379 |
| 856 40 - ELECTRONIC LOCATION AND ACCESS | |
| Uniform Resource Identifier | <a href="http://catalog.hathitrust.org/api/volumes/oclc/4137585.html">http://catalog.hathitrust.org/api/volumes/oclc/4137585.html</a> |
| 942 ## - ADDED ENTRY ELEMENTS (KOHA) | |
| Source of classification or shelving scheme | |
| Koha item type | Book |
| Withdrawn status | Lost status | Source of classification or shelving scheme | Damaged status | Not for loan | Permanent Location | Current Location | Shelving location | Date acquired | Total Checkouts | Full call number | Barcode | Date last seen | Price effective from | Koha item type |
|---|---|---|---|---|---|---|---|---|---|---|---|---|---|---|
| Military College of Engineering (MCE) | Military College of Engineering (MCE) | 02/04/2015 | 915 ETH | MCE-ECA.5 | 02/04/2015 | 02/04/2015 | Book |
